Loading...
| Mythology | 0 | 4 | 0 | 1 | 40 | 34 | 72.00 | 0 | 2 | 0.00 | 0.00 |
| Social Science | 0 | 2 | 1 | 0 | 15 | 53 | 63.50 | 1 | 1 | 0.00 | 0.00 |
| History - World | 0 | 1 | 0 | 1 | 10 | 101 | 101.00 | 0 | 0 | 0.00 | 0.00 |
| Literature - American | 0 | 1 | 0 | 1 | 10 | 86 | 86.00 | 0 | 0 | 0.00 | 0.00 |
| Current Events | 0 | 1 | 0 | 1 | 10 | 110 | 110.00 | 0 | 0 | 0.00 | 0.00 |
| Literature - European | 0 | 1 | 0 | 0 | 10 | 106 | 106.00 | 0 | 1 | 0.00 | 0.00 |
| Fine Arts - Other | 0 | 1 | 0 | 0 | 10 | 37 | 37.00 | 0 | 1 | 0.00 | 0.00 |
| Science - Other | 0 | 1 | 0 | 1 | 10 | 101 | 101.00 | 0 | 0 | 0.00 | 0.00 |
| Science - Biology | 0 | 1 | 1 | 0 | 5 | 29 | 29.00 | 1 | 1 | 0.00 | 0.00 |
| Science - Chemistry | 0 | 0 | 1 | 0 | -5 | 0.00 | 0 | 0 | 0.00 | 0.00 | |
| Geography | 0 | 0 | 1 | 0 | -5 | 0.00 | 0 | 0 | 0.00 | 0.00 | |
| Literature - British | 0 | 0 | 1 | 0 | -5 | 0.00 | 0 | 0 | 0.00 | 0.00 |